El otro Efraín : (Registro nro. 14907)

Detalles MARC
000 -LEADER
fixed length control field 00992nam a2200289 a 4500
001 - CONTROL NUMBER
control field
003 - CONTROL NUMBER IDENTIFIER
control field DO-SdBPM
005 - DATE AND TIME OF LATEST TRANSACTION
control field 20250115120257.0
008 - FIXED-LENGTH DATA ELEMENTS--GENERAL INFORMATION
fixed length control field 091001s2016 mx a r 000 0 spa d
020 ## - INTERNATIONAL STANDARD BOOK NUMBER
International Standard Book Number 9786071620552
040 ## - CATALOGING SOURCE
Original cataloging agency DO-SdBPM
Language of cataloging spa
Transcribing agency BPMSU
082 ## - DEWEY DECIMAL CLASSIFICATION NUMBER
Classification number M864
Item number H887o 2014
Edition number 22
100 1# - MAIN ENTRY--PERSONAL NAME
Personal name Huerta, Efraín,
Dates associated with a name 1914-1982.
245 10 - TITLE STATEMENT
Title El otro Efraín :
Remainder of title antología prosística /
Statement of responsibility, etc. Efraín Huerta ; edición y selección Carlos Ulises Mata.
260 ## - PUBLICATION, DISTRIBUTION, ETC. (IMPRINT)
Place of publication, distribution, etc. México:
Name of publisher, distributor, etc. Fondo de Cultura Económica,
Date of publication, distribution, etc. 2014
300 ## - PHYSICAL DESCRIPTION
Extent 673 p. ;
Dimensions 22 cm.
Other physical details
490 0# - SERIES STATEMENT
Series statement Letras mexicanas
590 ## - LOCAL NOTE (RLIN)
Local note Inventariado, 2025/VM
600 14 - SUBJECT ADDED ENTRY--PERSONAL NAME
Personal name Huerta, Efraín,
Dates associated with a name 1914-1982
Form subdivision Colecciones de escritos
650 #4 - SUBJECT ADDED ENTRY--TOPICAL TERM
Topical term or geographic name as entry element Ensayos
Form subdivision
650 #4 - SUBJECT ADDED ENTRY--TOPICAL TERM
Topical term or geographic name as entry element Literatura mexicana
General subdivision Historia y crítica
650 #4 - SUBJECT ADDED ENTRY--TOPICAL TERM
Topical term or geographic name as entry element Literatura mexicana
Chronological subdivision Siglo XX
700 1# - ADDED ENTRY--PERSONAL NAME
Personal name Ulises Mata, Carlo
Relator term editor
710 2# - ADDED ENTRY--CORPORATE NAME
Corporate name or jurisdiction name as entry element Fondo de Cultura Económica (México)
910 ## - USER-OPTION DATA (OCLC)
User-option data VMateo V. Cotrol de calidad. BPMSU
942 ## - ADDED ENTRY ELEMENTS (KOHA)
Source of classification or shelving scheme Dewey Decimal Classification
Koha item type Libros
Existencias
Withdrawn status Lost status Source of classification or shelving scheme Damaged status Not for loan Collection code Home library Current library Date acquired Total Checkouts Full call number Barcode Date last seen Price effective from Koha item type
    Dewey Decimal Classification     Colección General Biblioteca Pública Metropolitana Salomé Ureña Biblioteca Pública Metropolitana Salomé Ureña 01/15/2025   BPMSU CG M864 H887o 2014 BPMSU25010008 01/15/2025 01/15/2025 Libros